Comuni della Provincia di Imperia (con mappa) - Statistics

Statistiche generali
  • Questo quiz è stato fatto 20 volte
  • Il punteggio medio è 38 su 66
Risposte nella Mappa
Le risposte nella mappa del quiz sottostante sono codificate secondo una scala di colori dal rosso al verde in base alla % di persone che hanno risposto correttamente.
 
Statistiche sulle risposte
Risposta % Corretto
Imperia
100%
Sanremo
100%
Ventimiglia
100%
Bordighera
93%
Diano Marina
87%
Taggia
87%
Triora
87%
Ospedaletti
80%
San Lorenzo al Mare
80%
Santo Stefano al Mare
80%
Vallecrosia
80%
Dolceacqua
73%
Molini di Triora
73%
Olivetta San Michele
73%
Riva Ligure
73%
Badalucco
67%
Bajardo
67%
Camporosso
67%
Cervo
67%
Diano Castello
67%
Perinaldo
67%
San Bartolomeo al Mare
67%
Seborga
67%
Cipressa
60%
Pieve di Teco
60%
Pompeiana
60%
Apricale
53%
Ceriana
53%
Diano Arentino
53%
Diano San Pietro
53%
Dolcedo
53%
Isolabona
53%
Lucinasco
53%
Mendatica
53%
Pigna
53%
Pontedassio
53%
Airole
47%
Aquila d'Arroscia
47%
Borghetto d'Arroscia
47%
Borgomaro
47%
Castel Vittorio
47%
Cesio
47%
Chiusanico
47%
Chiusavecchia
47%
Cosio di Arroscia
47%
Costarainera
47%
Montalto Carpasio
47%
Montegrosso Pian Latte
47%
Pietrabruna
47%
Pornassio
47%
Prelà
47%
Rocchetta Nervina
47%
Terzorio
47%
Vasia
47%
Armo
40%
Aurigo
40%
Caravonica
40%
Castellaro
40%
Civezza
40%
Ranzo
40%
Rezzo
40%
San Biagio della Cima
40%
Soldano
40%
Vallebona
40%
Vessalico
40%
Villa Faraldi
40%
Nessun quiz corrispondente trovato
Distribuzione punteggi
Percentuale di utenti per punteggio
Percentile per numero di risposta
I tuoi punteggi nel tempo
Non hai fatto questo quiz